000
00268nam a2200121Ia 4500
008
231129s9999||||xx |||||||||||||| ||spa||
040
_b
spa
082
_a
F843 M452p
100
_a
Maupassant Guy de.
245
0
_a
Pedro y Juan
264
_a
Salvat
942
_2
ddc
_c
BKS
999
_c
22546
_d
22546